| 000 | 01777nam a22002177a 4500 | ||
|---|---|---|---|
| 999 |
_c60010 _d60010 |
||
| 003 | Ge_BSU | ||
| 005 | 20230530121326.0 | ||
| 008 | 230530s1966 ge ||||| |||| 00| 0 geo d | ||
| 041 | _ageo | ||
| 080 | _a94(479.221.2) მ-92 | ||
| 100 |
_aმუსხელიშვილი, დავით _918301 |
||
| 245 |
_aციხე-ქალაქი უჯარმა : _bივერია-ალვანეთის ურთიერთობის ისტორიიდან / _c დ. მუსხელიშვილი ; რედაქტორი ნ. ბერძენიშვილი ; საქართველოს სსრ მეცნიერებათა აკადემია, ივ. ჯავახიშვილის სახელობის ისტორიის, არქეოლოგიისა და ეთნოგრაფიის ინსტიტუტი. |
||
| 264 |
_aთბილისი : _bმეცნიერება, _c1966. |
||
| 300 |
_a130 გვ. : _b1 რუკ. ; _c22 სმ. |
||
| 504 | _aბიბლიოგრაფია ტექსტის შენიშვნებში | ||
| 653 | _aკახეთის ისტორია. | ||
| 653 | _aსაქართველოს ქალაქების ისტორია. | ||
| 700 |
_aბერძენიშვილი, ნ. _eრედაქტორი. _918302 |
||
| 710 |
_aსაქართველოს სსრ მეცნიერებათა აკადემია. _b ივ. ჯავახიშვილის სახელობის ისტორიის, არქეოლოგიისა და ეთნოგრაფიის ინსტიტუტი. _918303 |
||
| 942 |
_2udc _cBK |
||